| 000 | 00701nam a22002297a 4500 | ||
|---|---|---|---|
| 003 | UA-OsUOA | ||
| 001 | 81384 | ||
| 007 | ta | ||
| 008 | 20120127b un ||||| |||| 00| 0 ukr d | ||
| 090 |
_a821.161.2(031) _bУ45 |
||
| 942 | _cBK | ||
| 040 |
_aUA-OsUOA _bukr _cUA-OsUOA _dUA-OsUOA |
||
| 245 |
_aУкраїнська літературна енциклопедія _bВ 5 т. _cвідпов. ред. І.О. Дзверін _n3 |
||
| 300 | _a496 с. | ||
| 955 | _a1 | ||
| 041 | _aukr | ||
| 080 | _a821.161.2(031) | ||
| 020 | _a5-88500-003-4 | ||
| 260 |
_aК. _b"УЕ" ім. М.П.Бажана _c1995 |
||
| 650 | 7 |
_a82 Література. Літературознавство _2UDC |
|
| 999 |
_c367697 _d367697 |
||